000 00335nam a2200133 i 4500
001 bg
100 1 _aKOSMANOWA, Bogumiła
245 0 _aKsiążki i jej czytelnicy w dawnej Polsce /
_cBogumiła Kosmanowa.
260 _aWarszawa,
_c1981.
040 _cBPK
041 _apol
942 _cKS
008 s pl f |000 0 pol
999 _c22009
_d22009
856 _uhttp://koha.tu.koszalin.pl/cgi-bin/koha/opac-detail.pl?biblionumber=22009
_yKatalog online BPK